Library Banner

Science and the city : (Record no. 120237)

MARC details
000 -LEADER
fixed length control field 00843cam a2200277Ii 4500
005 - DATE AND TIME OF LATEST TRANSACTION
control field 20201226162028.0
008 - FIXED-LENGTH DATA ELEMENTS--GENERAL INFORMATION
fixed length control field 160505s2016 enka b 001 0 eng d
020 ## - INTERNATIONAL STANDARD BOOK NUMBER
International Standard Book Number 9781472913210
020 ## - INTERNATIONAL STANDARD BOOK NUMBER
International Standard Book Number 1472913213
020 ## - INTERNATIONAL STANDARD BOOK NUMBER
International Standard Book Number 9781472915382
020 ## - INTERNATIONAL STANDARD BOOK NUMBER
International Standard Book Number 1472915380
040 ## - CATALOGING SOURCE
Transcribing agency NLE
082 ## - DEWEY DECIMAL CLASSIFICATION NUMBER
Classification number 711.4
Item number WIN-S
100 1# - MAIN ENTRY--PERSONAL NAME
Personal name Winkless, Laurie
245 10 - TITLE STATEMENT
Title Science and the city :
Remainder of title the mechanics behind the metropolis /
Statement of responsibility, etc by Laurie Winkless
260 ## - PUBLICATION, DISTRIBUTION, ETC. (IMPRINT)
Place of publication, distribution, etc New York :
Name of publisher, distributor, etc Bloomsbury Sigma,
Date of publication, distribution, etc 2016
300 ## - PHYSICAL DESCRIPTION
Extent 298 p. :
Other physical details illustrations ;
Dimensions 22 cm.
490 1# - SERIES STATEMENT
Series statement Bloomsbury sigma series
650 #0 - SUBJECT ADDED ENTRY--TOPICAL TERM
Topical term or geographic name as entry element Cities and towns.
650 #0 - SUBJECT ADDED ENTRY--TOPICAL TERM
Topical term or geographic name as entry element City planning
650 #0 - SUBJECT ADDED ENTRY--TOPICAL TERM
Topical term or geographic name as entry element Civil engineering
650 #0 - SUBJECT ADDED ENTRY--TOPICAL TERM
Topical term or geographic name as entry element Cities and towns
General subdivision Effect of technological innovations on.
650 #0 - SUBJECT ADDED ENTRY--TOPICAL TERM
Topical term or geographic name as entry element Civil engineering.
650 #0 - SUBJECT ADDED ENTRY--TOPICAL TERM
Topical term or geographic name as entry element Science and civilization.
942 ## - ADDED ENTRY ELEMENTS (KOHA)
Koha item type Books
Holdings
Withdrawn status Lost status Damaged status Home library Current library Date acquired Full call number Barcode Date last seen Price effective from Koha item type
      UMT Main Campus UMT Main Campus 2020-11-19 711.4 WIN-S 135652 2020-11-19 2020-11-19 Books